Zahraničnoobchodná spolupráca Kanady s Európskou úniou diplomová práca

Uložené v:
Podrobná bibliografia
Hlavný autor: Adam, Peter
Korporativný autor: Obchodná fakulta EU. Katedra medzinárodného obchodu
Ďalší autori: Pásztorová, Jana, 1960-
Médium: Kniha
Jazyk:Slovak
Vydavateľské údaje: Bratislava 2009
Tagy: Pridať tag
Žiadne tagy, Buďte prvý, kto otaguje tento záznam!

MARC

LEADER 00000nam$a2200000$$$4500
001 0100552
005 20240318133955.8
041 0 |a slo 
044 |a SK 
245 1 0 |a Zahraničnoobchodná spolupráca Kanady s Európskou úniou  |b diplomová práca  |c Peter Adam ; škol. Jana Pásztorová 
264 1 |a Bratislava  |c 2009 
300 |a 83 s. 
100 1 |a Adam, Peter 
700 1 |a Pásztorová, Jana, 1960- 
710 2 |a Obchodná fakulta EU. Katedra medzinárodného obchodu